banner-ar

رفض الهزيمة: بدايات العمل المسح فى الضفة والقطاع 1967 / (Record no. 53870)

MARC details
000 -الفاتح
حقل البيانات ثابتة الطول 00726nam a2200193Ia 4500
008 - عناصر البيانات ثابتة الطول - معلومات عامة
حقل البيانات ثابتة الطول 140319s9999 xx 000 0 ara d
040 ## - مصدر الفهرسة
وكالة الفهرسة الأصلية GCL /
وكالة النسخ GCL
082 04 - رقم تصنيف ديوى العشرى
رقم التصنيف 956.905
رقم المادة ى د
100 1# - المدخل الرئيسى - إسم شخصى
الإسم الشخصى يزيد صايغ
245 10 - بيان العنوان
العنوان رفض الهزيمة: بدايات العمل المسح فى الضفة والقطاع 1967 /
بيان المسئوليه,etc يزيد صايغ
260 ## - PUBLICATION, DISTRIBUTION, ETC. (IMPRINT)
تاريخ النشر أو التوزيع 1992
300 ## - الوصف المادى
التعداد 81 ص
490 ## - بيان السلسلة
عنوان السلسلة اوراق مؤسسة الدراسات الفلسطسينية
رقم المجلد/ التعيين التسلسلي 0
650 04 - المدخل الاضافى بالموضوع-مصطلح موضوعى
مصطلح موضوعي منظمة التحرير الفلسطينية
650 04 - المدخل الاضافى بالموضوع-مصطلح موضوعى
مصطلح موضوعي فلسطين المحتلة
650 04 - المدخل الاضافى بالموضوع-مصطلح موضوعى
مصطلح موضوعي الفدائيون الفلسطينيون
942 ## - عناصر المدخل الإضافي( كوها)
مصدر التصنيف او مخطط الترفيف Dewey Decimal Classification
Koha [default] item type كتاب
260 ## - PUBLICATION, DISTRIBUTION, ETC. (IMPRINT)
-- [S.N] :
-- مؤسسة الدراسات الفلسطينية ،
Holdings
حالة التراجع حالة الفقد حالة تلف ليس للاعارة المكان المؤقت الموقع الحالى تاريخ الاكتساب اجمالي اﻻعارات رقم الطلب الباركود تاريخ اخر مشاهدة تاريخ تفعيل السعر نوع وعاء كوها
        مكتبة القاهرة الكبرى مكتبة القاهرة الكبرى 03/26/2014   956.905\ى د 129705 03/26/2014 03/26/2014 كتاب

Powered By

EGPV